000 00833nam a2200265 i 4500
001 10111
003 ES-MaACL
005 20250902063048.0
008 950214s1994 sp |||| | spa d
020 _a84-7423-652-5
080 _a81:008(4)
100 1 _aEco, Umberto,
_d1932-2016
_946611
245 1 3 _aLa búsqueda de la lengua perfecta en la cultura europea /
_cUmberto Eco.
260 _aBarcelona :
_bCrítica,
_cD.L. 1994.
300 _a318 p. ;
_c23 cm.
490 1 _aLa construcción de Europa
500 _aÍndice.
504 _aBibliografía: p.[295]-308.
650 4 _aLenguaje-
_xFilosofía.
_914344
650 4 _aLenguaje y cultura.
_9141588
650 4 _aLenguas artificiales.
_9136381
830 0 _aLa construcción de Europa
_9179009
852 _aES-MaACL
_jL-17576
999 _c10111
_d10111